[Event "It (open) \"]
[Site "masterchessopen.com – Romania"]
[Round "0"]
[White "Nutiu Adrian Mihail (ROM)"]
[Black "Florescu Codrut (ROM)"]
[Result "0-1"]
[WhiteElo "2121"]
[BlackElo "2333"]

1.d4 Nf6 2.c4 e6 3.Nf3 b6 4.a3 Ba6 5.Qc2 c5 6.e4 cxd4 7.Nxd4 Bc5 8.Nb3 Nc6
9.Be2 Qc7 10.O-O Rc8 11.Nxc5 bxc5 12.f4 Nd4 13.Qd3 d5 14.Nd2 Nxe4 15.Nxe4 Bxc4
16.Qxc4 dxc4 17.Bxc4 O-O 18.Bd2 Rfd8 19.Bc3 Nc2 {#R} 0-1

[Event "It (open)"]
[Site "masterchessopen.com – Seefeld (Austria)"]
[Round "6"]
[White "Timoshenko Georgy (UKR)"]
[Black "Martinovic Slobodan (SRB)"]
[Result "1-0"]
[WhiteElo "2576"]
[BlackElo "2445"]

1.d4 Nf6 2.c4 e6 3.Nf3 b6 4.a3 Bb7 5.Nc3 g6 6.Qc2 c5 7.d5 exd5 8.cxd5 Nxd5
9.Bg5 f6 10.Qe4+ Qe7 11.Nxd5 Qxe4 12.Nxf6+ Kf7 13.Nxe4 Bxe4 14.O-O-O Be7
15.Bf4 Bf5 16.g4 Be6 17.Ne5+ {#r} 1-0

[Event "Ch Mittelfranken (QT)"]
[Site "masterchessopen.com – Ansbach (Germany)"]
[Round "5"]
[White "Weinmann Stefan (GER)"]
[Black "Hahn Frank"]
[Result "1-0"]
[WhiteElo "2157"]
[BlackElo "1596"]

1.d4 Nf6 2.c4 e6 3.Nf3 b6 4.a3 a5 5.Nc3 Bb7 6.Bf4 c6 7.e4 d6 8.Bd3 Be7 9.Rc1
Na6 10.O-O O-O 11.Bb1 d5 12.cxd5 cxd5 13.e5 Ne8 14.h4 Qd7 15.Re1 Bc6 16.Qd3 f5
17.exf6 Nxf6 18.Ne5 Qe8 19.Bg5 Ne4 20.Bxe7 Qxe7 21.Nxc6 Qxh4 22.Nxe4 {#r} 1-0

[Event "It (open)"]
[Site "masterchessopen.com – Leinfeld (Germany)"]
[Round "0"]
[White "Wendt Rene (GER)"]
[Black "Rau Juergen (GER)"]
[Result "1-0"]
[WhiteElo "2373"]
[BlackElo "2152"]

1.d4 Nf6 2.c4 e6 3.Nf3 b6 4.a3 Ba6 5.Qc2 Bb7 6.Nc3 c5 7.d5 exd5 8.cxd5 Nxd5
9.Bg5 f6 10.Nxd5 Bxd5 11.O-O-O Bb7 12.Bf4 d5 13.e4 Bd6 14.Bb5+ Kf7 15.Bxd6
Qxd6 16.exd5 a6 17.Bd3 Bxd5 18.Kb1 Qc6 19.Rhe1 g6 20.Bc4 Bxc4 21.Qxc4+ Kf8
22.Rd8+ {#r} 1-0

[Event "It"]
[Site "masterchessopen.com – Mulhouse (France)"]
[Round "9"]
[White "Toulzac Pierre-Yves (FRA)"]
[Black "Sokolov Andrei (FRA)"]
[Result "0-1"]
[WhiteElo "2259"]
[BlackElo "2564"]

1.d4 Nf6 2.c4 e6 3.Nf3 b6 4.a3 Bb7 5.Nc3 d5 6.cxd5 Nxd5 7.Qc2 Be7 8.e4 Nxc3
9.bxc3 O-O 10.Bd3 c5 11.Qe2 Qc8 12.Kf1 Ba6 13.c4 cxd4 14.e5 Nd7 15.h4 Nc5
16.Bxh7+ Kxh7 17.Ng5+ Kg8 18.Kg1 Bb7 19.Qg4 f6 20.Qh5 Be4 21.Nxe4 Nxe4 22.Qg6
Nc3 {#R} 0-1

[Event "Ch Romania (team)"]
[Site "masterchessopen.com – Romania"]
[Round "3"]
[White "Najer Evgeniy (RUS)"]
[Black "Rogozenko Dorian (ROM)"]
[Result "1-0"]
[WhiteElo "2597"]
[BlackElo "2531"]

1.d4 Nf6 2.Nf3 e6 3.c4 b6 4.a3 Bb7 5.Nc3 d5 6.cxd5 Nxd5 7.e3 g6 8.Bb5+ c6
9.Bd3 Bg7 10.Na4 O-O 11.e4 Nf6 12.Qe2 c5 13.dxc5 Nbd7 14.O-O bxc5 15.Bf4 Qa5
16.Bb5 {#r} 1-0

[Event "It (open)"]
[Site "masterchessopen.com – Agtelek (Hungary)"]
[Date "2000.03.08"]
[Round "1"]
[White "Braun Marton (HUN)"]
[Black "Hajnal Zoltan (HUN)"]
[Result "1-0"]
[WhiteElo "2133"]
[BlackElo "2357"]

1.d4 Nf6 2.Nf3 e6 3.c4 b6 4.a3 Bb7 5.Nc3 d5 6.cxd5 exd5 7.Ne5 Bd6 8.Bg5 O-O
9.e3 h6 10.Bh4 Re8 11.f4 Be7 12.Bd3 Ne4 13.Bxe7 Qxe7 14.Nxe4 dxe4 15.Bc4 Kh7
16.Bxf7 Rd8 17.Qh5 Qf6 18.g4 Rd6 19.g5 Qe7 20.Bg6+ Kg8 21.gxh6 Bd5 22.Rg1 {#r}
1-0

[Event "It (open)"]
[Site "masterchessopen.com – Bad Woerishofen (Germany)"]
[Round "6"]
[White "Maugg Ludwig (GER)"]
[Black "Dittler Volkfried (GER)"]
[Result "1-0"]
[WhiteElo "2141"]
[BlackElo "1677"]

1.d4 Nf6 2.c4 e6 3.Nf3 b6 4.a3 Bb7 5.Nc3 d5 6.cxd5 Nxd5 7.Bd2 c5 8.Qc2 Nd7
9.e4 cxd4 10.Nxd4 Nxc3 11.Bxc3 Bc5 12.Rd1 Qh4 13.Bb5 Rd8 14.Nc6 Ra8 15.g3 Qg4
16.Rxd7 Qf3 17.O-O Bxc6 18.Bxc6 Rc8 19.Rd3+ {#r} 1-0

[Event "It (open)"]
[Site "masterchessopen.com – Dortmund (Germany)"]
[Round "3"]
[White "Schneider Wolfram (GER)"]
[Black "Krensing Jan (GER)"]
[Result "0-1"]
[WhiteElo "2036"]
[BlackElo "2144"]

1.d4 Nf6 2.Nf3 b6 3.c4 e6 4.a3 d5 5.Bg5 Be7 6.e3 O-O 7.cxd5 exd5 8.Bd3 Bb7
9.O-O Nbd7 10.Nc3 c5 11.b3 Rc8 12.Qe2 cxd4 13.Nb5 dxe3 14.Bxe3 a6 15.Nbd4 Ne4
16.Bxa6 Nc3 17.Qd3 Bxa6 18.Qxa6 Nc5 19.Qa7 Ra8 20.Nc6 Rxa7 21.Nxd8 Bxd8 {#R}
0-1

[Event "It (open)"]
[Site "masterchessopen.com – Latschach (Austria)"]
[Round "6"]
[White "Farago Ivan (HUN)"]
[Black "Haas Peter (GER)"]
[Result "1-0"]
[WhiteElo "2527"]
[BlackElo "2095"]

1.d4 Nf6 2.c4 e6 3.Nf3 b6 4.a3 Bb7 5.Nc3 g6 6.Qc2 Bg7 7.e4 d6 8.Be2 O-O 9.O-O
Nc6 10.d5 Ne7 11.Rd1 exd5 12.cxd5 c6 13.dxc6 Bxc6 14.Nd4 Qc8 15.Nxc6 Qxc6
16.Bf3 Qc7 17.e5 dxe5 18.Bxa8 Rxa8 19.Bg5 Nf5 20.Bxf6 Bxf6 21.Qe4 {#r} 1-0

[Event "Ch Malaga"]
[Site "masterchessopen.com – Malaga (Spain)"]
[Round "2"]
[White "Garcia Albarracin Jose A (ESP)"]
[Black "Perez Cadenas Cesar (ESP)"]
[Result "1-0"]
[WhiteElo "2100"]
[BlackElo "1798"]

1.d4 Nf6 2.c4 e6 3.Nf3 b6 4.a3 Bb7 5.Nc3 Be7 6.Qc2 O-O 7.e4 d6 8.Bd3 Nfd7 9.b4
e5 10.dxe5 dxe5 11.Bb2 Bf6 12.O-O Re8 13.Rfd1 Qe7 14.Nd5 Bxd5 15.cxd5 Rc8
16.d6 {#r} 1-0

[Event "It (cat.7)"]
[Site "masterchessopen.com – Oakham (England)"]
[Round "6"]
[White "Pert Nicholas (ENG)"]
[Black "Bluvshtein Mark (CAN)"]
[Result "1-0"]
[WhiteElo "2451"]
[BlackElo "2357"]

1.d4 Nf6 2.Nf3 e6 3.c4 b6 4.a3 Ba6 5.Qc2 Bb7 6.Nc3 d5 7.cxd5 Nxd5 8.Bd2 Be7
9.e4 Nxc3 10.Bxc3 O-O 11.O-O-O Nd7 12.h4 h6 13.Rh3 Nf6 14.Bd3 c5 15.d5 exd5
16.exd5 Bd6 17.Ng5 Re8 18.Kb1 Bf4 19.Bb5 hxg5 20.hxg5 Bxg5 21.Rdh1 Bh6 {#r}
1-0

[Event "Cup European Club (final)"]
[Site "masterchessopen.com – Panormo (Greece)"]
[Round "2"]
[White "Kozul Zdenko (CRO)"]
[Black "Steedman James (NOR)"]
[Result "1-0"]
[WhiteElo "2569"]
[BlackElo "2129"]

1.d4 Nf6 2.Nf3 b6 3.c4 e6 4.a3 Ba6 5.Qb3 d5 6.cxd5 exd5 7.Nc3 Be7 8.g3 O-O
9.Bg2 c5 10.O-O Nc6 11.Qa4 Qc8 12.Bg5 Rd8 13.Rac1 Na5 14.dxc5 Bc4 15.Nd2 Rb8
16.cxb6 Rxb6 17.Bxf6 Bxf6 18.Nxd5 {#r} 1-0

[Event "It (open) (c)"]
[Site "masterchessopen.com – Aragon (Spain)"]
[Round "2"]
[White "Fernandez-Urrutia Gallo Carlos (ESP)"]
[Black "Ramiro Ovejero Juan Luis (ESP)"]
[Result "0-1"]
[WhiteElo "2018"]
[BlackElo "2187"]

1.d4 Nf6 2.Nf3 e6 3.c4 b6 4.a3 Be7 5.Nc3 Bb7 6.Qc2 d5 7.cxd5 exd5 8.Bg5 O-O
9.e3 Nbd7 10.Bd3 Ne4 11.Bxe7 Qxe7 12.O-O f5 13.b4 c6 14.Rae1 a5 15.b5 c5 16.a4
Rac8 17.dxc5 Qxc5 18.Nxe4 fxe4 19.Nd4 exd3 20.Qxd3 Qc4 21.Qa3 Nc5 22.Ra1 Qd3
{#R} 0-1

[Event "Staatsliga B East 2001/02"]
[Site "masterchessopen.com – Austria"]
[Round "11"]
[White "Fuerlinger Harald (AUT)"]
[Black "Kranz Armin (AUT)"]
[Result "0-1"]
[WhiteElo "2109"]
[BlackElo "2174"]

1.d4 Nf6 2.Nf3 e6 3.c4 b6 4.a3 Ba6 5.Qc2 Bb7 6.Nc3 c5 7.e4 cxd4 8.Nxd4 Bc5
9.Nb3 Nc6 10.Be2 Nd4 11.Nxd4 Bxd4 12.Nb5 Be5 13.f3 a6 14.Nc3 Qc7 15.g3 d5
16.exd5 exd5 17.Nd1 O-O 18.f4 Bd4 19.Rf1 Rfe8 20.Qd3 Qe7 21.Kd2 dxc4 {#R} 0-1

[Event "Ch Germany (juniors) (team)"]
[Site "masterchessopen.com – Essen (Germany)"]
[Round "1"]
[White "Nazarenus Moritz (GER)"]
[Black "Herzenstein Georg (GER)"]
[Result "1-0"]
[WhiteElo "2117"]
[BlackElo "2121"]

1.d4 Nf6 2.c4 e6 3.Nf3 b6 4.a3 Bb7 5.Nc3 Ne4 6.Nxe4 Bxe4 7.Nd2 Bg6 8.g3 d5
9.Bg2 c6 10.e4 Qf6 11.exd5 Qxd4 12.O-O Bd3 13.Nf3 {#r} 1-0

[Event "Ch Slovakia (team) 2001/02 (1 liga) West"]
[Site "masterchessopen.com – Slovakia"]
[Round "8"]
[White "Zamecnik Frantisek (SVK)"]
[Black "Baranek Jozef (SVK)"]
[Result "0-1"]
[WhiteElo "2138"]
[BlackElo "2240"]

1.d4 Nf6 2.c4 e6 3.Nf3 b6 4.a3 Ba6 5.e3 d5 6.Ne5 Bd6 7.Qa4+ c6 8.Nc3 Bxe5
9.dxe5 Nfd7 10.cxd5 Bxf1 11.Rxf1 exd5 12.Qg4 O-O 13.f4 Nc5 14.Kf2 d4 15.exd4
Qxd4+ 16.Be3 Nd3+ 17.Kf3 Qc4 18.Ne4 Qd5 19.Rad1 Nd7 20.Ke2 Qxe4 21.Rxd3 Nxe5
{#R} 0-1

[Event "It"]
[Site "masterchessopen.com – Vladimir (Russia)"]
[Round "0"]
[White "Chasovnikova Eugenia (RUS)"]
[Black "Fateev Vladimir (RUS)"]
[Result "1-0"]
[WhiteElo "2263"]
[BlackElo "2067"]

1.d4 Nf6 2.Nf3 e6 3.c4 b6 4.a3 Be7 5.Nc3 Ba6 6.e4 d6 7.Bd3 h6 8.O-O Bb7 9.e5
Nh7 10.Bxh7 Rxh7 11.d5 dxe5 12.Nxe5 Bd6 13.dxe6 Qh4 14.exf7+ {#r} 1-0

[Event "Ch Georgia (juniors) (under 20) (g)"]
[Site "masterchessopen.com – Tbilisi (Georgia)"]
[Date "2002.03.24"]
[Round "5"]
[White "Khazhomia Salome (GEO)"]
[Black "Purtseladze Maka (GEO)"]
[Result "0-1"]
[WhiteElo "2128"]
[BlackElo "2198"]

1.Nf3 Nf6 2.d4 e6 3.c4 b6 4.a3 Bb7 5.Nc3 d5 6.e3 Be7 7.Bd3 O-O 8.O-O c6 9.cxd5
cxd5 10.Ne5 Ne4 11.Ne2 Nf6 12.b4 Nbd7 13.Bb2 Nxe5 {#R} 0-1

[Event "It (open)"]
[Site "masterchessopen.com – Bochum (Germany)"]
[Round "4"]
[White "Loeffelbein Klaus (GER)"]
[Black "Deinert Wolfgang (GER)"]
[Result "1-0"]
[WhiteElo "2002"]
[BlackElo "1958"]

1.d4 Nf6 2.c4 e6 3.Nf3 b6 4.a3 Bb7 5.Nc3 Be7 6.Bf4 O-O 7.Qc2 d6 8.e4 Nbd7
9.Bd3 Nh5 10.Be3 e5 11.Rd1 Nhf6 12.O-O Ng4 13.Bc1 exd4 14.Nxd4 Bg5 15.f4 Bh6
16.h3 Qf6 17.Be2 {#r} 1-0

[Event "It (open)"]
[Site "masterchessopen.com – Christchurch (New Zealand)"]
[Round "3"]
[White "Lukey Stephen G (NZL)"]
[Black "Cummings Nick (NZL)"]
[Result "1-0"]
[WhiteElo "2276"]
[BlackElo "2120"]

1.d4 Nf6 2.Nf3 e6 3.c4 b6 4.a3 Bb7 5.Nc3 d5 6.cxd5 exd5 7.Bg5 Nbd7 8.Rc1 Be7
9.e3 O-O 10.Bd3 Ne4 11.h4 Nxg5 12.Nxg5 Nf6 13.Qf3 c5 14.Kf1 cxd4 15.exd4 Rc8
16.Re1 g6 17.h5 Nxh5 18.Nxh7 Re8 19.g4 Kxh7 20.Qxf7+ {#r} 1-0

[Event "It (open)"]
[Site "masterchessopen.com – Coria del Rio (Spain)"]
[Round "6"]
[White "Matamoros Franco Carlos S (ECU)"]
[Black "Razmyslov Alexander (UKR)"]
[Result "1-0"]
[WhiteElo "2513"]
[BlackElo "2311"]

1.d4 Nf6 2.c4 e6 3.Nf3 b6 4.a3 Bb7 5.Nc3 g6 6.Qc2 d5 7.cxd5 exd5 8.Bf4 c6 9.e4
dxe4 10.Nxe4 Qe7 11.O-O-O Nxe4 12.Re1 f5 13.Bd3 c5 14.d5 Bxd5 15.Nd2 Nxf2
16.Rxe7+ Bxe7 17.Re1 Nc6 18.Bg5 Kd8 19.Nf3 {#r} 1-0

[Event "Cup Independence (open)"]
[Site "masterchessopen.com – Kiev (Ukraine)"]
[Round "8"]
[White "Belotserkovsky Andrey (RUS)"]
[Black "Brozhik Vasilij (UKR)"]
[Result "0-1"]
[WhiteElo "2371"]
[BlackElo "2149"]

1.d4 Nf6 2.c4 e6 3.Nf3 b6 4.a3 Bb7 5.Nc3 d5 6.cxd5 Nxd5 7.Bd2 Nd7 8.g3 Nxc3
9.Bxc3 Be7 10.Bg2 O-O 11.b4 Bf6 12.Qc2 c5 13.Ng5 Bxg5 14.Bxb7 Rb8 15.Ba6 cxd4
16.Bxd4 Nf6 17.Be5 Qd5 {#R} 0-1

[Event "It (open)"]
[Site "masterchessopen.com – San Jose (Spain)"]
[Round "0"]
[White "Carraminana Lopez Luis Antonio (ESP)"]
[Black "Jario Garcia Ricardo (ESP)"]
[Result "0-1"]
[WhiteElo "2061"]
[BlackElo "2159"]

1.d4 e6 2.c4 Nf6 3.Nf3 b6 4.a3 Be7 5.Nc3 d5 6.Ne5 O-O 7.cxd5 exd5 8.e3 Bb7
9.Bd3 c5 10.O-O Nc6 11.f4 cxd4 12.Nxc6 Bxc6 13.exd4 Ne4 14.Qc2 Rc8 15.Be3 Re8
16.Rae1 Bf6 17.Kh1 Bd7 18.Bg1 Bh4 19.g3 {#R} 0-1

[Event "Oberliga North North 2002/03"]
[Site "masterchessopen.com – Germany"]
[Date "2003.01.26"]
[Round "5"]
[White "Bohnsack Ralf (GER)"]
[Black "Schuett Wilhelm (GER)"]
[Result "1-0"]
[WhiteElo "2156"]
[BlackElo "2101"]

1.d4 Nf6 2.Nf3 b6 3.c4 e6 4.a3 c5 5.d5 exd5 6.cxd5 Ba6 7.g3 d6 8.Nc3 g6 9.Bh3
Nbd7 10.Bg5 b5 11.Bxd7+ Kxd7 12.O-O h6 13.Bd2 Qb6 14.b4 cxb4 15.Be3 Qc7
16.axb4 Qxc3 17.Bd4 Qc8 18.Bxf6 Rg8 19.Qd4 {#r} 1-0

[Event "It (open)"]
[Site "masterchessopen.com – Nova Gorica (Slovenia)"]
[Round "2"]
[White "Bednarich Jan (ITA)"]
[Black "Saric Ante (CRO)"]
[Result "0-1"]
[WhiteElo "2198"]
[BlackElo "2437"]

1.d4 Nf6 2.c4 e6 3.Nf3 b6 4.a3 Ba6 5.Qa4 c5 6.Bf4 Bb7 7.dxc5 Bxc5 8.Nc3 O-O
9.Rd1 Ne4 10.Nxe4 Bxe4 11.e3 Qf6 12.Be5 Qf5 13.Bxb8 Bc2 14.Qxd7 Bxd1 15.Bd3
Qh5 16.Be4 Raxb8 17.Qxd1 Qg4 18.Bd3 Rfd8 19.Qb1 Rxd3 {#R} 0-1

[Event "Ch Giessen"]
[Site "masterchessopen.com – Giessen (Germany)"]
[Date "2003.12.09"]
[Round "7"]
[White "Henrich Thomas (GER)"]
[Black "Schnick Volker"]
[Result "1-0"]
[WhiteElo "2121"]
[BlackElo "1636"]

1.d4 Nf6 2.c4 e6 3.Nf3 b6 4.a3 Bb7 5.Nc3 Be7 6.Qc2 d6 7.e4 O-O 8.Bf4 Nbd7
9.O-O-O Qc8 10.Be2 Ng4 11.Bg3 e5 12.h3 exd4 13.Nd5 Bxd5 14.hxg4 Bb7 15.e5 g6
16.Qd2 Re8 17.Rxh7 Nxe5 18.Qh6 Bf6 19.Rh1 {#r} 1-0

[Event "Ch Russia (juniors) (under 12)"]
[Site "masterchessopen.com – Dagomys (Russia)"]
[Round "0"]
[White "Lozbenev Pavel (RUS)"]
[Black "Lifshits Dan (RUS)"]
[Result "0-1"]
[WhiteElo "2152"]
[BlackElo "2090"]

1.d4 Nf6 2.c4 e6 3.Nf3 b6 4.a3 Ba6 5.Qc2 c5 6.dxc5 Bxc5 7.b4 Be7 8.g3 O-O
9.Bb2 d5 10.b5 Bb7 11.cxd5 Bxd5 {#R} 0-1

[Event "Ch Russia (juniors) (under 14)"]
[Site "masterchessopen.com – Dagomys (Russia)"]
[Round "10"]
[White "Agapov Sergey (RUS)"]
[Black "Natacheev Peter (RUS)"]
[Result "1-0"]
[WhiteElo "2244"]
[BlackElo "1954"]

1.d4 Nf6 2.c4 e6 3.Nf3 b6 4.a3 Bb7 5.Nc3 Ne4 6.e3 Be7 7.Bd3 d5 8.O-O O-O 9.Qe2
Nd7 10.Nd2 Nxc3 11.bxc3 Nf6 12.f3 c5 13.Bb2 Rc8 14.e4 Ne8 15.Rae1 Bg5 16.f4
Bh4 17.g3 dxe4 18.Nxe4 Bxe4 19.Qxe4 Nf6 20.Qf3 Ne8 21.gxh4 {#r} 1-0

[Event "It (open)"]
[Site "masterchessopen.com – Ortigueira (Spain)"]
[Date "2004.08.07"]
[Round "5"]
[White "Fernando Gros Jorge (ESP)"]
[Black "Dimitrov Vladimir (BUL)"]
[Result "0-1"]
[WhiteElo "2070"]
[BlackElo "2434"]

1.d4 Nf6 2.c4 e6 3.Nf3 b6 4.a3 c5 5.e3 Bb7 6.Bd3 Be7 7.O-O O-O 8.Nc3 cxd4
9.exd4 d5 10.Qe2 dxc4 11.Bxc4 Nc6 12.Bf4 Nxd4 13.Nxd4 Qxd4 14.Bg3 Ne4 15.Rad1
Nxc3 16.bxc3 Qc5 17.Rfe1 Rad8 18.h3 Bf6 {#R} 0-1

[Event "Muensterland Verbandsliga 2004/05"]
[Site "masterchessopen.com – Germany"]
[Date "2004.09.18"]
[Round "1"]
[White "Babar Michael (GER)"]
[Black "Emunds Hans Georg (GER)"]
[Result "1-0"]
[WhiteElo "2180"]
[BlackElo "2227"]

1.d4 Nf6 2.c4 e6 3.Nf3 b6 4.a3 Bb7 5.Nc3 d5 6.cxd5 Nxd5 7.Qc2 Nd7 8.e4 Nxc3
9.bxc3 c5 10.Bf4 Rc8 11.Rd1 cxd4 12.Rxd4 Bc5 13.Rd1 O-O 14.Bb5 Bc6 15.Bxc6
Rxc6 16.Qd3 Qf6 17.Qxd7 Qxc3+ 18.Nd2 Rfc8 19.O-O e5 20.Nb1 {#r} 1-0

[Event "It (open)"]
[Site "masterchessopen.com – Senden (Germany)"]
[Round "1"]
[White "Farago Ivan (HUN)"]
[Black "Distelrath Oliver (GER)"]
[Result "1-0"]
[WhiteElo "2455"]
[BlackElo "2023"]

1.d4 Nf6 2.c4 e6 3.Nf3 b6 4.a3 Bb7 5.Nc3 c5 6.d5 exd5 7.cxd5 d6 8.e4 Be7
9.Bb5+ Nfd7 10.Bf4 O-O 11.O-O f6 12.Nh4 Ne5 13.Nf5 a6 14.Be2 Nf7 15.a4 Re8
16.Bh5 g6 17.Qg4 Nh8 18.Qg3 {#r} 1-0

[Event "Ch France (team) (nat.1)"]
[Site "masterchessopen.com – France"]
[Date "2005.02.06"]
[Round "3"]
[White "Komarov Dimitri (UKR)"]
[Black "Bogdanov Emil (FRA)"]
[Result "1-0"]
[WhiteElo "2521"]
[BlackElo "2244"]

1.d4 Nf6 2.Nf3 e6 3.c4 b6 4.a3 Bb7 5.Nc3 Be7 6.d5 O-O 7.g3 d6 8.Bg2 Re8 9.O-O
Bf8 10.b4 c6 11.Nd4 cxd5 12.cxd5 Nxd5 13.Nxd5 Bxd5 14.Nxe6 fxe6 15.Bxd5 Nd7
16.Bxa8 Qxa8 17.Bb2 Be7 18.Rc1 {#r} 1-0

[Event "Cup Slovenia"]
[Site "masterchessopen.com – Slovenia"]
[Date "2005.05.16"]
[Round "1"]
[White "Jug Simon (SLO)"]
[Black "Justin Matjaz (SLO)"]
[Result "0-1"]
[WhiteElo "2065"]
[BlackElo "2364"]

1.d4 Nf6 2.Nf3 e6 3.c4 b6 4.a3 Ba6 5.Nc3 Bxc4 6.Qa4 Ba6 7.Bf4 Be7 8.Rc1 O-O
9.Nb5 Bxb5 10.Qxb5 c5 11.e3 d5 12.dxc5 bxc5 13.Qa4 Nbd7 14.Ba6 c4 15.b4 cxb3
16.Bc7 b2 {#R} 0-1

[Event "It (open)"]
[Site "masterchessopen.com – Balaguer (Spain)"]
[Date "2005.07.20"]
[Round "3"]
[White "Szmetan Ricardo (BAR)"]
[Black "Ferrer Dalmau Josep (ESP)"]
[Result "1-0"]
[WhiteElo "2323"]
[BlackElo "1895"]

1.d4 Nf6 2.c4 e6 3.Nf3 b6 4.a3 Bb7 5.Nc3 Be7 6.d5 exd5 7.cxd5 O-O 8.e4 Re8
9.Bd3 Nxd5 10.exd5 Bxa3+ 11.Kf1 Be7 12.h4 h6 13.Bb1 d6 14.Qc2 Bf6 15.Be3 Nd7
16.Qh7+ Kf8 17.Nd4 Bxd4 18.Bxd4 Nf6 19.Qh8+ Ke7 20.Qxg7 Nd7 21.Bg6 Bxd5
22.Nxd5+ {#r} 1-0

[Event "Tournament (regional)"]
[Site "masterchessopen.com – Torun (Poland)"]
[Round "7"]
[White "Zietak Krzysztof (POL)"]
[Black "Cichocki Konrad (POL)"]
[Result "1-0"]
[WhiteElo "2020"]
[BlackElo "2006"]

1.d4 Nf6 2.c4 e6 3.Nf3 b6 4.a3 d5 5.cxd5 exd5 6.Bf4 Bd6 7.Bg3 O-O 8.e3 Bxg3
9.hxg3 Ne4 10.Bd3 Bb7 11.Nc3 Qe7 12.Nh4 f5 13.Qb3 Qf7 14.Nxf5 Qxf5 15.Bxe4
Qxf2+ 16.Kd1 Qxe3 17.Bxh7+ Kh8 18.Bd3+ Kg8 19.Nxd5 Qe6 20.Ne7+ Kf7 21.Bc4 {#r}
1-0

[Event "Ch Norway (kl. juniors)"]
[Site "masterchessopen.com – Moss (Norway)"]
[Date "2006.07.11"]
[Round "5"]
[White "Time Jonatan E"]
[Black "Kvisla Johannes Luangtep (NOR)"]
[Result "0-1"]
[WhiteElo "1682"]
[BlackElo "2132"]

1.d4 Nf6 2.c4 e6 3.Nf3 b6 4.a3 Ba6 5.Qc2 Bb7 6.Bg5 c5 7.d5 exd5 8.cxd5 Bxd5
9.Nc3 Be6 10.e4 Be7 11.Bd3 Nc6 12.e5 Nd5 13.Bxe7 Ndxe7 14.Nb5 Nc8 15.O-O-O a6
16.Nd6+ Nxd6 17.exd6 Qf6 18.Rhe1 h6 19.Qa4 O-O 20.Bxa6 Na5 21.Qb5 Bc4 {#R} 0-1

[Event "It (open)"]
[Site "masterchessopen.com – Gent (Belgium)"]
[Date "2006.07.15"]
[Round "1"]
[White "Gregoir Christophe (BEL)"]
[Black "Sailer H P"]
[Result "1-0"]
[WhiteElo "2313"]
[BlackElo "1802"]

1.d4 Nf6 2.c4 e6 3.Nf3 b6 4.a3 Bb7 5.Nc3 Be7 6.Bf4 d6 7.Qc2 Nbd7 8.e4 O-O
9.Rd1 a5 10.Bd3 h6 11.Rg1 c5 12.d5 e5 13.Be3 Nh7 14.Ne2 Ba6 15.Ng3 Rb8 16.a4
Bc8 17.Nf5 Ndf6 18.g4 Kh8 19.Qc1 Bxf5 20.gxf5 Ng8 21.Ke2 Bg5 22.Rg3 {#r} 1-0

[Event "Ch Russia (qual)"]
[Site "masterchessopen.com – Rostov on Don (Russia)"]
[Round "9"]
[White "Shapovalov Andrey (RUS)"]
[Black "Kruchev Boris (RUS)"]
[Result "0-1"]
[WhiteElo "2152"]
[BlackElo "2260"]

1.d4 Nf6 2.c4 e6 3.Nf3 b6 4.a3 Bb7 5.Nc3 d5 6.cxd5 Nxd5 7.e3 Nd7 8.Nxd5 Bxd5
9.b4 a5 10.b5 Bd6 11.Bd3 O-O 12.e4 Bb7 13.Ng5 Be7 14.h4 e5 15.d5 Nc5 16.Be3
Bc8 17.Qh5 h6 18.Nh3 {#R} 0-1

[Event "Ch Netherlands (team) 2006/07"]
[Site "masterchessopen.com – Netherlands"]
[Date "2007.03.24"]
[Round "7"]
[White "Bosboom Manuel (NED)"]
[Black "Van Ketel Raoul (NED)"]
[Result "1-0"]
[WhiteElo "2434"]
[BlackElo "2336"]

1.c4 e6 2.Nf3 Nf6 3.a3 b6 4.d4 Bb7 5.Nc3 d5 6.Bg5 Be7 7.Qa4+ Qd7 8.Qc2 O-O
9.Rd1 Rd8 10.e3 h6 11.h4 Qe8 12.Bxf6 Bxf6 13.cxd5 exd5 14.g4 c5 15.g5 Bxd4
16.gxh6 Bf6 17.Rg1 d4 18.Ng5 dxe3 19.Rxd8 exf2+ 20.Kxf2 {#r} 1-0

[Event "Ch Mittelfranken (QT)"]
[Site "masterchessopen.com – Postbauer (Germany)"]
[Date "2007.04.06"]
[Round "5"]
[White "Thuerauf Peter (GER)"]
[Black "Holland Arthur (GER)"]
[Result "1-0"]
[WhiteElo "1981"]
[BlackElo "1923"]

1.d4 e6 2.c4 Nf6 3.Nf3 b6 4.a3 Bb7 5.e3 Be7 6.Nc3 O-O 7.Bd3 d5 8.O-O Nbd7
9.cxd5 exd5 10.b4 Ne4 11.Qc2 Nxc3 12.Qxc3 c5 13.bxc5 bxc5 14.Rb1 cxd4 15.exd4
Rc8 16.Bxh7+ Kh8 17.Qd3 g6 18.Bxg6 Nb6 19.Bf5 Rc4 20.Ne5 {#r} 1-0

[Event "It (open)"]
[Site "masterchessopen.com – Malakoff (France)"]
[Date "2007.04.10"]
[Round "5"]
[White "Zimmerman Yuri (ISR)"]
[Black "Trommsdorf Fro (FRA)"]
[Result "1-0"]
[WhiteElo "2352"]
[BlackElo "2193"]

1.d4 Nf6 2.c4 e6 3.Nf3 b6 4.a3 Bb7 5.Nc3 d5 6.cxd5 exd5 7.g3 Be7 8.Qa4+ Qd7
9.Qc2 Nc6 10.Bg2 Ne4 11.O-O f5 12.Rd1 a6 13.Bf4 g5 14.Nxg5 Nxg5 15.Nxd5 Nh3+
16.Bxh3 Qxd5 17.Qxf5 Nb4 18.e4 Qxf5 19.Bxf5 Nc6 20.d5 {#r} 1-0

[Event "Ch Greece (juniors) (under 14)"]
[Site "masterchessopen.com – Halkidiki, Greece"]
[Date "2007.06.26"]
[Round "2"]
[White "Ballas Kleon-Evangelos (GRE)"]
[Black "Pavlidou Ekaterini (GRE)"]
[Result "0-1"]
[WhiteElo "1816"]
[BlackElo "2003"]

1.d4 Nf6 2.c4 e6 3.Nf3 b6 4.a3 Bb7 5.Nc3 d5 6.cxd5 exd5 7.g3 Be7 8.Bg2 O-O
9.O-O Nbd7 10.Bg5 Ne4 11.Nxe4 dxe4 12.Bxe7 Qxe7 13.Nd2 f5 14.Nc4 f4 15.Bh3 Kh8
16.Qd2 Rf6 17.Rfc1 e3 18.fxe3 Qe4 19.Bf1 Qh1+ 20.Kf2 fxe3+ {#R} 0-1